01232nam a2200277 i 4500003000400000005001700004008004100021020003900062040002500101082001500126090001900141100003900160245006100199264005900260300004000319336002100359337002500380338002300405520038100428650003200809650002900841650003100870655002300901942001100924999001900935OSt20260412102216.0260412s2025 enka cr 000 1 eng d a9781526665638cRM 64.40qpaperback aPPAKbengcPPAKerda04223a823.9200a823.92bPERdK1 aPercival, Tom, d1977- eauthor. 10aSQUIRREL AND DUCK :bMISSION IMPROBABLE /cTOM PERCIVAL  1aLondon, England : bBLOOMSBURY CHILDREN'S BOOKS,c2025 a225 pages :billustrations ;c20 cm atext2rdacontent aunmediated2rdamedia avolume2rdacarrier aMeet Squirrel and Duck. One is jolly and has a beak. The other is irritable and has a bushy tail. But which is which? Here's a clue... Duck is a duck and Squirrel is a squirrel. When disaster strikes and their secret home gets demolished, they head out in search of a new one. But it won't be easy, because the one thing Squirrel and Duck can't quite deal with is each other! 10aSquirrelsvJuvenile fiction20aDucks vJuvenile fiction20aAnimals vJuvenile fiction 7aChildren's stories 2ddccB c203794d203794